MARC details
| 000 -LEADER |
| fixed length control field |
01655nam a2200397uu 4500 |
| 003 - CONTROL NUMBER IDENTIFIER |
| control field |
TR-IsYBT |
| 005 - DATE AND TIME OF LATEST TRANSACTION |
| control field |
20190709135105.0 |
| 008 - FIXED-LENGTH DATA ELEMENTS--GENERAL INFORMATION |
| fixed length control field |
170207s2016 tu tur |
| 020 ## - INTERNATIONAL STANDARD BOOK NUMBER |
| International Standard Book Number |
9789751631718 |
| 040 ## - CATALOGING SOURCE |
| Original cataloging agency |
TR-AnTOB |
| Language of cataloging |
eng |
| Transcribing agency |
TR-AnTOB |
| Description conventions |
rda |
| 041 ## - LANGUAGE CODE |
| Language code of text/sound track or separate title |
Türkçe |
| Language code of original |
ger |
| 050 ## - LIBRARY OF CONGRESS CALL NUMBER |
| Classification number |
DS26 |
| Item number |
.K37 2016 |
| 090 ## - LOCALLY ASSIGNED LC-TYPE CALL NUMBER (OCLC); LOCAL CALL NUMBER (RLIN) |
| Classification number (OCLC) (R) ; Classification number, CALL (RLIN) (NR) |
DS26 |
| Local cutter number (OCLC) ; Book number/undivided call number, CALL (RLIN) |
.K37 2016 |
| 100 ## - MAIN ENTRY--PERSONAL NAME |
| Personal name |
Karuts, Richard, |
| Dates associated with a name |
11867-1945 |
| 245 1# - TITLE STATEMENT |
| Title |
Mangışlak’taki Türkmen ve Kırgızlar / |
| Statement of responsibility, etc. |
Richard Karuts ; Almancadan Rusçaya tercüme : Y. Petri. ; Rusçadan tercüme : Hüseyin Polat. |
| 264 ## - PRODUCTION, PUBLICATION, DISTRIBUTION, MANUFACTURE, AND COPYRIGHT NOTICE |
| Place of production, publication, distribution, manufacture |
Ankara : |
| Name of producer, publisher, distributor, manufacturer |
Türk Tarih Kurumu, |
| Date of production, publication, distribution, manufacture, or copyright notice |
2016. |
| 300 ## - PHYSICAL DESCRIPTION |
| Extent |
66 pages : |
| Other physical details |
illustrations ; |
| Dimensions |
21 cm. |
| 336 ## - CONTENT TYPE |
| Source |
rdacontent |
| Content type term |
text |
| Content type code |
txt |
| 337 ## - MEDIA TYPE |
| Source |
rdamedia |
| Media type term |
unmediated |
| Media type code |
n |
| 338 ## - CARRIER TYPE |
| Source |
rdacarrier |
| Carrier type term |
volume |
| Carrier type code |
nc |
| 490 0# - SERIES STATEMENT |
| Series statement |
Atatürk Kültür Dil ve Tarih Yüksek Kurumu Türk Tarih Kurumu Yayınları ; |
| Volume/sequential designation |
IV/A-1.12 |
| Series statement |
Dizi - Sayı ; |
| Volume/sequential designation |
2 |
| 504 ## - BIBLIOGRAPHY, ETC. NOTE |
| Bibliography, etc. note |
|
| 650 #0 - SUBJECT ADDED ENTRY--TOPICAL TERM |
| Topical term or geographic name entry element |
Türkmenler |
| General subdivision |
Mangışlak Yarımadası |
| -- |
tarih |
|
| Topical term or geographic name entry element |
Turkmens |
| General subdivision |
Manganese Peninsula |
| -- |
history |
|
| Topical term or geographic name entry element |
Kırgızlar |
| General subdivision |
Mangışlak Yarımadası |
| -- |
tarih |
|
| Topical term or geographic name entry element |
Kyrgyz |
| General subdivision |
Mangyanese Peninsula |
| -- |
history |
|
| Topical term or geographic name entry element |
Kırgızlar |
| General subdivision |
Mangışlak Yarımadası |
| -- |
Sosyal yaşam ve gelenekler |
| -- |
tarih |
|
| Topical term or geographic name entry element |
Kyrgyz |
| General subdivision |
Mangyanese Peninsula |
| -- |
Social life and traditions |
| -- |
history |
|
| Topical term or geographic name entry element |
Türkmenler |
| General subdivision |
Mangışlak Yarımadası |
| -- |
Sosyal yaşam ve gelenekler |
| -- |
tarih |
|
| Topical term or geographic name entry element |
Turkmens |
| General subdivision |
Manganese Peninsula |
| -- |
Social life and traditions |
| -- |
history |
|
| Topical term or geographic name entry element |
Türk-Tatar Halkı |
| General subdivision |
tarih |
|
| Topical term or geographic name entry element |
Turkish-Tatar People's |
| General subdivision |
history |
| 902 ## - LOCAL DATA ELEMENT B, LDB (RLIN) |
| a |
031310 |
| 942 ## - ADDED ENTRY ELEMENTS (KOHA) |
| Source of classification or shelving scheme |
Library of Congress Classification |
| Koha item type |
Book |